| 000 | 01794cam a2200505 4500 | ||
|---|---|---|---|
| 999 |
_c23506 _d23506 |
||
| 001 | vtls011994402 | ||
| 005 | 20221013131408.0 | ||
| 008 | 220509s2020 xo oc erh 000 1bslo | ||
| 020 |
_a9788055173238 _q(viazané) |
||
| 035 | _aurn:nbn:sk:snk-am00ggfw | ||
| 035 | _aurn:nbn:sk:snk-am3j78a | ||
| 035 | _a69B7A8C6-02E4-457C-86F5-61FAEC4B2C17 | ||
| 040 |
_aTTKJF _bslo _cTTKJF _erda |
||
| 041 | 0 | _aslo | |
| 044 |
_axo _cSK |
||
| 072 | 7 |
_a929 _xBiografie _2konspekt |
|
| 080 |
_a78.071.2-055.1 _22011 |
||
| 080 |
_a78.03.011.26 _22011 |
||
| 080 |
_a(437.6) _22011 |
||
| 080 |
_a(0:82-94) _22011 |
||
| 100 | 1 |
_aLispuchová, Silvia, _d1956- _4aut _93743 |
|
| 245 | 1 | 0 |
_aPosledný bohém _cSilvia Lispuchová, Alena Horváthová-Čisáriková ; fotografie: Dušan Kittler, Peter Procházka |
| 264 | 1 |
_aBratislava _bIkar, a.s. _c2020 |
|
| 300 |
_a239 strán _bfotografie, portréty _c21 cm |
||
| 336 |
_atext _btxt _2rdacontent |
||
| 337 |
_abez média _bn _2rdamedia |
||
| 338 |
_azväzok _bnc _2rdacarrier |
||
| 500 | _aObsahuje biografické údaje o autorkách na záložke prebalu publikácie | ||
| 600 | 1 | 7 |
_aDuchoň, Karol, _d1950-1985 _2SNKMA _93744 |
| 648 | 7 |
_a20. stor. _2SNKPH _92181 |
|
| 648 | 7 |
_a20th century _2SNKPHeng _92074 |
|
| 650 | 0 | 7 |
_aspeváci _2SNKPH _93745 |
| 650 | 0 | 7 |
_apopulárna hudba _2SNKPH _93733 |
| 650 | 0 | 7 |
_aSingers _2SNKPHeng _93746 |
| 650 | 0 | 7 |
_apop-music _2SNKPHeng _93735 |
| 651 | 7 |
_aSlovensko _2SNKPHgeo _91613 |
|
| 651 | 7 |
_aSlovakia _2SNKPHeng _91614 |
|
| 655 | 7 |
_aautobiografické spomienky _2SNKPH _92024 |
|
| 655 | 7 |
_aAutobiographical novels _2SNKPHeng _91744 |
|
| 700 | 1 |
_aHorváthová-Čisáriková, Alena _4aut _93747 |
|
| 700 | 1 |
_aKittler, Dušan _4pht _93748 |
|
| 700 | 1 |
_aProcházka, Peter, _d1952- _4pht _93749 |
|
| 958 | _aLX | ||
| 958 | _aBX | ||